书目信息 |
| 题名: |
无公害畜产品生产技术
|
|
| 作者: | 王立阁 , 韩行敏 编著 | |
| 分册: | ||
| 出版信息: | 北京 中国计量出版社 2003.01 |
|
| 页数: | 207页 | |
| 开本: | 20cm | |
| 丛书名: | 食品安全丛书 | |
| 单 册: | ||
| 中图分类: | TS251.4 | |
| 科图分类: | ||
| 主题词: | 畜产品--chu chan pin--食品加工--无污染工艺 , 食品加工--shi pin jia gong | |
| 电子资源: | ||
| ISBN: | 7-5026-1705-1 | |
| 000 | 01005nam 2200277 450 | |
| 001 | 012008485808 | |
| 005 | 20080315114848.92 | |
| 010 | @a7-5026-1705-1@dCNY13.50 | |
| 100 | @a20080315d2003 km y0chiy0120 ea | |
| 101 | 0 | @achi |
| 102 | @aCN@b110000 | |
| 105 | @ay z 000yy | |
| 106 | @ar | |
| 200 | 1 | @a无公害畜产品生产技术@Awu gong hai xu chan pin sheng chan ji shu@f王立阁, 韩行敏编著@Fwang li ge,han xing min bian zhu |
| 210 | @a北京@c中国计量出版社@d2003.01 | |
| 215 | @a207页@d20cm | |
| 225 | 2 | @a食品安全丛书@Ashi pin an quan cong shu |
| 330 | @a本书阐述了无公害产品生产的质量管理体系、生产的基本措施、畜产品的质量检验等,以鸡蛋、牛奶为例具体介绍了无公害畜产品的生产技术。 | |
| 461 | 0 | @12001 @a食品安全丛书 |
| 606 | 0 | @a畜产品@Achu chan pin@x食品加工@x无污染工艺 |
| 606 | 0 | @a食品加工@Ashi pin jia gong |
| 690 | @aTS251.4@v4 | |
| 701 | 0 | @a王立阁@Awang li ge@4编著 |
| 701 | 0 | @a韩行敏@Ahan xing min@4编著 |
| 801 | 0 | @aCN@bQSSK@c20080315 |
| 905 | @b20283749-51@dTS251.4@eW261@f3 | |
| 无公害畜产品生产技术/王立阁, 韩行敏编著.-北京:中国计量出版社,2003.01 |
| 207页;20cm.-(食品安全丛书) |
| ISBN 7-5026-1705-1:CNY13.50 |
| 本书阐述了无公害产品生产的质量管理体系、生产的基本措施、畜产品的质量检验等,以鸡蛋、牛奶为例具体介绍了无公害畜产品的生产技术。 |
| ● |
| 相关链接 |
|
|
|
正题名:无公害畜产品生产技术
索取号:TS251.4/W261
 
预约/预借
| 序号 | 登录号 | 条形码 | 馆藏地/架位号 | 状态 | 备注 |
| 1 | 283749 | 202837494 | 自科库501/501自科库 42排1列2层/ [索取号:TS251.4/W261] | 在馆 | |
| 2 | 283750 | 202837500 | 自科库501/501自科库 42排1列2层/ [索取号:TS251.4/W261] | 在馆 | |
| 3 | 283751 | 202837519 | 自科库501/501自科库 42排1列2层/ [索取号:TS251.4/W261] | 在馆 |